[Event "CHN-chT Torch Real Estate Cup"]
[Site "Jiangsu Wuxi"]
[Date "2008.10.22"]
[Round "10"]
[White "Shen, Yang"]
[Black "Zhou, Min"]
[Result "1-0"]
[WhiteElo "2439"]
[BlackElo "2205"]
[PlyCount "73"]
[EventDate "2008.05.19"]
[EventType "team-tourn"]
[EventRounds "12"]
[EventCountry "CHN"]
[SourceTitle "EXT 2009"]
[Source "ChessBase"]
[SourceDate "2008.11.26"]
[SourceVersion "1"]
[SourceVersionDate "2008.11.26"]
[SourceQuality "1"]

1. d4 d5 2. c4 c6 3. Nf3 Nf6 4. Nc3 a6 5. c5 Bf5 6. Bf4 e6 7. Qb3 Qc8 8. Na4 Nbd7 9. Ne5 Be7 10. f3 h6 11. g4 Bh7 12. h4 Bd8 13. g5 Nh5 14. Nxd7 Qxd7 15. Bd6 b5 16. Nc3 Bc7 17. Bxc7 Qxc7 18. gxh6 Qg3+ 19. Kd2 gxh6 20. Nd1 Rg8 21. Qe3 Qg6 22. Bh3 Ng3 23. Rh2 Qc2+ 24. Ke1 Nf5 25. Bxf5 Qxf5 26. Qxh6 Rg6 27. Qd2 Kd7 28. Ne3 Qf4 29. Nf1 Qf6 30. a4 Rgg8 31. h5 Rgb8 32. Ne3 Qf4 33. Ng4 Qg3+ 34. Kf1 Bf5 35. Rg2 Qh3 36. Ne5+ Kc7 37. Qa5+ 1-0